Tractatus de libertate creata sub divina scientia,voluntate et omnipotentia.Foniculus triplex Divi Thomae praemonitione, ...

Detalles Bibliográficos
Autor principal: BLANCO, Matías
Formato: Libro
Publicado: México 1746
Materias:
Colección:Banco de datos
Acervo:Biblioteca del Museo de sitio casa de Morelos. Morelia. Michoacán
Tema general:Teología
Notas:Buena. D4,2. VRAGA.
LEADER 00785nam a22001930004500
035 |a 57602 
036 |a 663 
100 1 |a BLANCO, Matías 
245 1 0 |a Tractatus de libertate creata sub divina scientia,voluntate et omnipotentia.Foniculus triplex Divi Thomae praemonitione, ...  |c tr. Miguel Buenaventura de Luna 
260 |a México  |b ed. Miguel Buenaventura de Luna; imp. Viuda de José Bernardo de Hogal.  |c 1746 
500 |a Buena. D4,2. VRAGA. 
650 1 0 |a Teología 
949 |a C.MOR 
959 |a Museo de Sitio Casa de Morelos. Morelia, Michoacán  |b CCC8 
960 |a Museo de Sitio Casa de Morelos, Michoacán  |b DD91 
961 |a Varias Ordenes Religiosas  |b VO 
942 |c MORELIA 
943 |g Biblioteca del Museo de sitio casa de Morelos. Morelia. Michoacán 
999 |c 975101  |d 975101